| 000 | 01222nam a22003977a 4500 | ||
|---|---|---|---|
| 003 | CHAP | ||
| 005 | 20220817044130.0 | ||
| 008 | 061027d2004 it a rn 00110 eng d | ||
| 010 | _a92950 | ||
| 011 | _a93922 | ||
| 020 | _a9251050708 | ||
| 035 | _a104505 | ||
| 040 | _cCHAP | ||
| 090 | _aFolleto 16981 v.1 | ||
| 110 | 2 | _aFAO | |
| 245 | 1 | 0 |
_aFAO expert consultation on food safety: _bscience and ethics _c/by FAO |
| 260 |
_aRome : _bFAO, _c2004 |
||
| 300 |
_a41 p. : _bilus. |
||
| 410 | 2 | 1 | _aFAO |
| 490 | 0 |
_aDocumentos de la FAO sobre ética _v; 1 |
|
| 590 |
_aBATCH-UPD _b10 _c20130110 _lUCH01 _h0422 |
||
| 590 |
_aBATCH-UPD _b10 _c20130410 _lUCH01 _h0057 |
||
| 590 |
_aBATCH-UPD _b10 _c20130914 _lUCH01 _h0211 |
||
| 590 |
_aCONVERSION _b10 _c20130109 _lUCH01 _h1351 |
||
| 650 | 1 | 4 |
_aAlimentos _xHigiene. _94224 |
| 650 | 1 | 4 |
_aAlimentos _xNormas de calidad. _94256 |
| 650 | 1 | 4 |
_aÉtica. _982776 |
| 650 | 1 | 4 |
_aInocuidad alimentaria. _958836 |
| 650 | 1 | 4 |
_aToma de decisiones. _9113662 |
| 810 | 0 | _aFAO | |
| 830 | 0 | 0 |
_aDocumentos de la FAO sobre ética _v; 1 _933265 |
| 901 | _aBK | ||
| 905 | _aMarco A. Mendoza T. | ||
| 942 | _cFOLL | ||
| 949 |
_aFolleto 16981 v.1 _bBC _cFAO _d33724000997193 _eFAO1 _gDonaciØn _i104505 _sb |
||
| 999 |
_c92950 _d92950 |
||